Special report: ports and airports (Record no. 70613)
[ view plain ]
| 000 -LEADER | |
|---|---|
| fixed length control field | 01405cam a2200313 4500 |
| 001 - CONTROL NUMBER | |
| control field | ABS65588 |
| 008 - FIXED-LENGTH DATA ELEMENTS--GENERAL INFORMATION | |
| fixed length control field | 020628n2002 000 0 eng u |
| 035 ## - SYSTEM CONTROL NUMBER | |
| System control number | (Sirsi) u118583 |
| 100 ## - MAIN ENTRY--PERSONAL NAME | |
| Personal name | Keers, H. |
| 245 ## - TITLE STATEMENT | |
| Title | Special report: ports and airports |
| 260 ## - PUBLICATION, DISTRIBUTION, ETC. | |
| Date of publication, distribution, etc. | 2002 |
| 490 ## - SERIES STATEMENT | |
| Series statement | Property Week |
| Volume/sequential designation | 67(23) 14 June 2002, 44-54(7) |
| 520 ## - SUMMARY, ETC. | |
| Summary, etc. | The first article discusses how British Airways, in the face of critics calling for rationalisation of its property assets, has different plans to boost funds. The second article outlines available development land at the UK's ports and lists the operators, land availability and key facts of each port mentioned. The final article reports the rail freight industry is waiting over the outcome of two significant planning inquiries. Argent plans to build a London International Freight Exchange development to the west of Heathrow and Alconbury Developments is proposing to build a rail-connected scheme at the former Alconbury airfield. |
| 590 ## - LOCAL NOTE (RLIN) | |
| Local note | ABS |
| 650 ## - SUBJECT ADDED ENTRY--TOPICAL TERM | |
| Topical term or geographic name entry element | RAIL FREIGHT |
| 650 ## - SUBJECT ADDED ENTRY--TOPICAL TERM | |
| Topical term or geographic name entry element | PLANNING INQUIRIES |
| 650 ## - SUBJECT ADDED ENTRY--TOPICAL TERM | |
| Topical term or geographic name entry element | PORTS |
| 650 ## - SUBJECT ADDED ENTRY--TOPICAL TERM | |
| Topical term or geographic name entry element | AIRPORTS |
| 650 ## - SUBJECT ADDED ENTRY--TOPICAL TERM | |
| Topical term or geographic name entry element | PROPERTY ASSETS |
| 650 ## - SUBJECT ADDED ENTRY--TOPICAL TERM | |
| Topical term or geographic name entry element | SALE AND LEASEBACK |
| 650 ## - SUBJECT ADDED ENTRY--TOPICAL TERM | |
| Topical term or geographic name entry element | JOINT VENTURES |
| 650 ## - SUBJECT ADDED ENTRY--TOPICAL TERM | |
| Topical term or geographic name entry element | COST CUTTING |
| 650 ## - SUBJECT ADDED ENTRY--TOPICAL TERM | |
| Topical term or geographic name entry element | LONDON |
| 650 ## - SUBJECT ADDED ENTRY--TOPICAL TERM | |
| Topical term or geographic name entry element | AMSTERDAM |
| 650 ## - SUBJECT ADDED ENTRY--TOPICAL TERM | |
| Topical term or geographic name entry element | DEVELOPMENT LAND |
| 690 ## - LOCAL SUBJECT ADDED ENTRY--TOPICAL TERM (OCLC, RLIN) | |
| Topical term or geographic name as entry element | PROPERTY-COMMERCIAL PROPERTY |
| 700 ## - ADDED ENTRY--PERSONAL NAME | |
| Personal name | Creasey, S. |
| 942 ## - ADDED ENTRY ELEMENTS (KOHA) | |
| Suppress in OPAC | 0 |
| Withdrawn status | Lost status | Source of classification or shelving scheme | Damaged status | Not for loan | Home library | Current library | Shelving location | Date acquired | Total Checkouts | Full call number | Barcode | Date last seen | Copy number | Price effective from | Koha item type |
|---|---|---|---|---|---|---|---|---|---|---|---|---|---|---|---|
| Dewey Decimal Classification | London | London | Journal article | 28/06/2002 | ABS65588 | 118583-1001 | 06/08/2019 | 1 | 06/08/2019 | Journal article |